Statistics for Olympics women's rowing coxless pairs Top 4 Positions

Click here to take the quiz!

General Stats

  • This quiz has been taken 15 times
  • The average score is 16 of 18

Answer Stats

Answer% Correct
Canada
100%
China
100%
United States
100%
Australia
91%
East Germany
91%
Germany
91%
Great Britain
91%
Netherlands
91%
New Zealand
91%
Russia
91%
Soviet Union
91%
West Germany
91%
Belarus
82%
France
82%
Bulgaria
73%
Poland
73%
Romania
73%
Denmark
64%

Score Distribution

Percentile by Number Answered

Percent of People with Each Score

Your Score History

You have not taken this quiz